000
00285nam a2200121Ia 4500
008
190216s9999||||xx |||||||||||||| ||und||
100
_a
Marder L
245
0
_a
Fluid Mechanics
260
_b
London George Allen And Unwin Ltd
_c
1974
300
_a
107p
650
_a
Physics
942
_c
BK
999
_c
32919
_d
32919